[Event "GER-chT Christmas U20"]
[Site "Playchess.com INT"]
[Date "2020.12.29"]
[Round "5.4"]
[White "Peilert, Maximilian"]
[Black "Scheifel, Maximilian"]
[Result "0-1"]
[WhiteElo "1068"]
[BlackElo "1218"]
[PlyCount "96"]
[EventDate "2020.12.29"]
[EventType "team-swiss (blitz)"]
[EventRounds "7"]
[EventCountry "GER"]
[SourceTitle "CBM 200 Extra"]
[Source "ChessBase"]
[SourceDate "2021.03.31"]
[SourceVersion "1"]
[SourceVersionDate "2021.03.31"]
[SourceQuality "1"]
[WhiteTeam "Think Rochade"]
[BlackTeam "Karlsruhe II"]
[WhiteTeamCountry "GER"]
[BlackTeamCountry "GER"]

1. e4 c6 2. d4 d5 3. e5 Bf5 4. Nf3 e6 5. a3 Ne7 6. Bg5 h6 7. Bh4 Qc7 8. Nc3 Bh7 9. Bd3 Bxd3 10. Qxd3 Ng6 11. 0-0 Nxh4 12. Nxh4 Be7 13. Qg3 Bxh4 14. Qxh4 0-0 15. Rfe1 c5 16. Nb5 Qb6 17. a4 a6 18. Nc3 Qxb2 19. Ne2 Qxc2 20. dxc5 Nc6 21. Rac1 Qb2 22. Qg3 Qxe5 23. Nf4 Qc7 24. Qg4 Ne5 25. Qg3 Nc4 26. Qc3 Qxf4 27. g3 Qd2 28. Qf3 Qb4 29. Qh5 Qxc5 30. Re3 Qb4 31. Rf3 Qxa4 32. Rf4 Qd7 33. Rg4 e5 34. h3 Qe6 35. Rc3 f5 36. Rg6 Qe8 37. Rf3 Rf6 38. Rxg7+ Kxg7 39. Rxf5 Qxh5 40. Rxh5 b5 41. Kf1 b4 42. Ke2 b3 43. Kd1 b2 44. Kc2 Rb8 45. Rxe5 b1Q+ 46. Kc3 Nxe5 47. Kd4 Qe4+ 48. Kc5 Qc4# 0-1

[Event "Mecklenburg VP-ch U10"]
[Site "Malchow"]
[Date "2019.02.03"]
[Round "2.4"]
[White "Kern, Odin"]
[Black "Peilert, Maximilian"]
[Result "0-1"]
[WhiteElo "747"]
[BlackElo "964"]
[PlyCount "58"]
[EventDate "2019.02.02"]
[EventType "swiss"]
[EventRounds "7"]
[EventCountry "GER"]
[SourceTitle "EXT 2022"]
[Source "ChessBase"]
[SourceDate "2021.10.06"]
[SourceVersion "1"]
[SourceVersionDate "2021.10.06"]
[SourceQuality "1"]

1. d4 d5 2. Nc3 Bf5 3. e3 Nc6 4. Bb5 Nf6 5. Nf3 e6 6. 0-0 Ne4 7. Ne2 Bb4 8. c3 Bd6 9. c4 dxc4 10. Bxc4 Qf6 11. Bb5 Qg6 12. Nf4 Bxf4 13. exf4 Bh3 14. g3 Bxf1 15. Qxf1 a6 16. Ne5 Qf6 17. Bxc6+ bxc6 18. f3 Nd6 19. Qd3 0-0 20. f5 exf5 21. g4 Rfe8 22. Qe3 Nc4 23. Nxc4 Rxe3 24. Bxe3 f4 25. Bd2 h6 26. Bc3 Re8 27. d5 Qh4 28. Kg2 Re2+ 29. Kf1 Qf2# 0-1